000 00500nam a2200169Ia 4500
003 OSt
005 20260310114339.0
008 211028s2012 xx 000 0 und d
040 _cAIMIT LIBRARY
041 _aeng
100 _aK, Ravichandra; R, Manimozhi.
_g91723
_93638
110 _aRuban S.
_93639
245 _aRe engineering and integrating users interaction module with I- space /
260 _aMangalore
_c2012
710 _ai-Point Interactive Solutions Pvt Ltd
_93640
942 _2ddc
_cPRO
999 _c217300
_d217300